[Event "ROM-ch"]
[Site "Calimanesti Caciulata"]
[Date "2017.04.02"]
[Round "9"]
[White "Craciun, Ovidiu"]
[Black "David, Aurelian Corneliu"]
[Result "0-1"]
[WhiteElo "1903"]
[BlackElo "2051"]
[PlyCount "114"]
[EventDate "2017.03.25"]
[EventType "swiss"]
[EventRounds "9"]
[EventCountry "ROU"]
[SourceTitle "CBM 177 Extra"]
[Source "ChessBase"]
[SourceDate "2017.04.27"]
[SourceVersion "1"]
[SourceVersionDate "2017.04.27"]
[SourceQuality "1"]

1. e4 c5 2. Nf3 e6 3. d4 cxd4 4. Nxd4 a6 5. Bd3 Qc7 6. 0-0 Nc6 7. Nxc6 bxc6 8. Qe2 d5 9. e5 Ne7 10. Nd2 Ng6 11. Nf3 Be7 12. Re1 0-0 13. h4 f6 14. exf6 gxf6 15. g3 Rf7 16. c4 e5 17. cxd5 cxd5 18. h5 Nf8 19. Nh4 e4 20. Bc2 f5 21. Bf4 Qb6 22. Bb3 Be6 23. Rac1 a5 24. Red1 d4 25. Qd2 Bxb3 26. axb3 Ne6 27. Be5 d3 28. Rc4 Qxb3 29. Rdc1 Bg5 30. Qd1 Qb5 31. Rc8+ Rf8 32. Rxf8+ Rxf8 33. Bc3 Bxc1 34. Qxc1 f4 35. Qd1 Qd5 36. Ng2 fxg3 37. Qg4+ Kf7 38. fxg3 Rg8 39. Qh4 Ng5 40. Qf4+ Ke6 41. Qf6+ Kd7 42. Nf4 Qd6 43. Qf5+ Kc6 44. Qxa5 Qc5+ 45. Qxc5+ Kxc5 46. Kf2 Nf3 47. Nxd3+ exd3 48. Kxf3 Kc4 49. g4 Kb3 50. Ke4 Kc2 51. Kf5 Rc8 52. Be1 Kd1 53. Bb4 Rc4 54. Bf8 Ke2 55. Bh6 Rc5+ 56. Ke4 Rc6 57. Bg5 h6 0-1

[Event "ROM-ch"]
[Site "Calimanesti Caciulata"]
[Date "2017.03.29"]
[Round "5"]
[White "David, Aurelian Corneliu"]
[Black "Luca, Ionel"]
[Result "0-1"]
[WhiteElo "2051"]
[BlackElo "2089"]
[PlyCount "110"]
[EventDate "2017.03.25"]
[EventType "swiss"]
[EventRounds "9"]
[EventCountry "ROU"]
[SourceTitle "CBM 177 Extra"]
[Source "ChessBase"]
[SourceDate "2017.04.27"]
[SourceVersion "1"]
[SourceVersionDate "2017.04.27"]
[SourceQuality "1"]

1. d4 Nf6 2. c4 e6 3. Nc3 Bb4 4. e3 b6 5. Nge2 Ne4 6. Qc2 f5 7. f3 Nxc3 8. Nxc3 Bb7 9. Bd3 c5 10. d5 exd5 11. cxd5 Bxd5 12. 0-0 Bxc3 13. bxc3 Nc6 14. Bxf5 Qe7 15. Rd1 Be6 16. Bxe6 Qxe6 17. e4 0-0 18. Bg5 Qg6 19. Qb3+ Kh8 20. Qd5 h6 21. Bh4 Rxf3 22. Qxd7 Rf7 23. Qd5 Rf4 24. Bg3 Rxe4 25. Qb3 Rae8 26. Rd6 R4e6 27. Rad1 Rxd6 28. Bxd6 Kh7 29. Qd5 Qe4 30. Bg3 Qxd5 31. Rxd5 Re7 32. Rd6 Na5 33. Rd8 Nc4 34. Ra8 a5 35. Bf2 Re2 36. Ra7 Rxa2 37. Bh4 Kg6 38. Bd8 a4 39. Ra6 a3 40. Bxb6 Nxb6 41. Rxb6+ Kf5 42. Ra6 Ke4 43. h4 Kd3 44. h5 Kxc3 45. Ra7 Ra1+ 46. Kh2 a2 47. Kg3 c4 48. Kg4 Kb4 49. Rb7+ Kc5 50. Ra7 c3 51. Ra8 Kd6 52. Ra6+ Ke7 53. Ra7+ Ke6 54. Ra6+ Kf7 55. Ra7+ Kg8 0-1

[Event "ROM-ch"]
[Site "Calimanesti Caciulata"]
[Date "2017.03.28"]
[Round "4"]
[White "Coca, Cristi Iulian"]
[Black "David, Aurelian Corneliu"]
[Result "1-0"]
[WhiteElo "1929"]
[BlackElo "2051"]
[PlyCount "59"]
[EventDate "2017.03.25"]
[EventType "swiss"]
[EventRounds "9"]
[EventCountry "ROU"]
[SourceTitle "CBM 177 Extra"]
[Source "ChessBase"]
[SourceDate "2017.04.27"]
[SourceVersion "1"]
[SourceVersionDate "2017.04.27"]
[SourceQuality "1"]

1. e4 c5 2. c3 Nf6 3. e5 Nd5 4. d4 Qc7 5. Nf3 e6 6. Bd2 cxd4 7. cxd4 Nc6 8. Nc3 Nxc3 9. bxc3 d6 10. exd6 Bxd6 11. Bd3 e5 12. 0-0 Bg4 13. Re1 0-0-0 14. h3 Bh5 15. d5 Ne7 16. c4 f5 17. Be2 Bf7 18. Rc1 h6 19. Be3 b6 20. c5 Bxc5 21. Bxc5 bxc5 22. Ba6+ Kb8 23. Rb1+ Ka8 24. Bb7+ Qxb7 25. Rxb7 Kxb7 26. d6 Nc8 27. Nxe5 Rxd6 28. Qb1+ Rb6 29. Qxf5 Rf6 30. Qd7+ 1-0